000 00745cam a2200241 a 4500
001 3625
003 FISKH
005 20240329140539.0
008 051025s2005 fr 000 1 fre
010 _a 2005483868
020 _a2755700408
035 _a(FrPJT)JTL00167470
040 _aDLC
_cDLC
_beng
_dFISKH
050 0 0 _aPQ2675.L396
_bM37 2005
082 _a915.042
100 1 _aOlivieri, Pierre,
_d1947-
245 1 0 _aMarco Polo :
_bmon vrai voyage en Chine : [roman] /
_cPierre Olivieri.
260 _aParis :
_bEditions du Panama,
_cc2005.
300 _a294 pages ;
_c20 cm.
906 _a7
_bcbc
_corigres
_d4
_encip
_f20
_gy-gencatlg
942 _2ddc
_cBK
_n0
999 _c3625
_d3625